Political economy of trade, finance and development: selected essays of T.N. Sri (Record no. 6041)

MARC details
000 -LEADER
fixed length control field 00443nam a2200157Ia 4500
020 ## - INTERNATIONAL STANDARD BOOK NUMBER
ISBN 9780195690750
082 ## - DEWEY DECIMAL CLASSIFICATION NUMBER
Classification number 338.9 POL-
245 #0 - TITLE STATEMENT
Title Political economy of trade, finance and development: selected essays of T.N. Sri
260 ## - PUBLICATION, DISTRIBUTION, ETC. (IMPRINT)
Place of publication New Delhi
Name of publisher Oxford University Press
Year of publication 2007
300 ## - PHYSICAL DESCRIPTION
Number of Pages xiv, 502
650 ## - SUBJECT ADDED ENTRY--TOPICAL TERM
Topical Term Globalization
650 ## - SUBJECT ADDED ENTRY--TOPICAL TERM
Topical Term Internationl Trade
650 ## - SUBJECT ADDED ENTRY--TOPICAL TERM
Topical Term Economic development
700 ## - ADDED ENTRY--PERSONAL NAME
Personal name Narayana, N.S.S.
942 ## - ADDED ENTRY ELEMENTS (KOHA)
Koha item type Books
Holdings
Withdrawn status Lost status Damaged status Not for loan Home library Current library Date acquired Source of acquisition Bill Date Full call number Accession Number Price effective from Koha item type
        NASSDOC Library NASSDOC Library 03/04/2008 SSS 2008-03-20 338.9 POL- 44286 18/04/2019 Books